Estadísticas para Banderas revelando banderas #1

Haz click aquí para intentar la prueba.

Estadísticas generales

  • Esta prueba ha sido intentada 3.381 veces
  • La puntuación promedio es 18 de 21

Respuestas en el mapa

Las respuestas están codificadas por una escala verde-roja en el mapa de la prueba según el % correcto abajo.
 

Estadísticas de respuestas

País% Correcto
Japón
100%
Portugal
99%
Italia
98%
Grecia
97%
Uruguay
97%
Panamá
96%
República Checa
93%
Ucrania
92%
Vietnam
92%
Argelia
91%
Bután
88%
Perú
87%
Uganda
86%
Singapur
85%
Costa de Marfil
83%
Antigua y Barbuda
77%
Palaos
74%
República Centroafricana
73%
Botsuana
72%
Yemen
72%
Zambia
70%

Distribución de puntuación

Porcentaje por número respondido

Porcentaje de gente con cada puntuación

Historial de tus puntuaciones

No has intentado esta prueba.